[Event "FIDE World Rapid Team"]
[Site "Almaty KAZ"]
[Date "2024.08.04"]
[Round "11.41"]
[White "Kazhiakhmetova, Yerkenaz"]
[Black "Bozhgulova, Zaynabkhan"]
[Result "1-0"]
[WhiteElo "1602"]
[BlackElo "1605"]
[WhiteTeam "KRG-Team"]
[BlackTeam "Chess Dream"]
[WhiteFideId "13777610"]
[BlackFideId "13727443"]
[EventDate "2024.08.02"]

1. d4 Nf6 2. g3 g6 3. Bg2 Bg7 4. e4 d6 5. Nc3 O-O 6. Nge2 e5 7. h3 Nc6 8. Be3
exd4 9. Nxd4 Nxd4 10. Bxd4 Re8 11. O-O c5 12. Be3 a6 13. a4 Rb8 14. Bf4 Re6 15.
Qd3 Nh5 16. Be3 Bd7 17. Rfd1 Qc8 18. g4 Nf6 19. Bf4 Ne8 20. Bg3 b5 21. axb5 axb5
22. Rab1 b4 23. Nd5 Bb5 24. Qd2 Kh8 25. f4 Bd4+ 26. Kh2 Nf6 27. Nxf6 Bxf6 28. f5
Re5 29. Qxd6 1-0

[Event "FIDE World Rapid Team"]
[Site "Almaty KAZ"]
[Date "2024.08.04"]
[Round "11.42"]
[White "Yessengali, Alikhan"]
[Black "Amangeldinov, Alkey"]
[Result "0-1"]
[WhiteElo "1529"]
[BlackElo "1721"]
[WhiteTeam "Chess Dream"]
[BlackTeam "KRG-Team"]
[WhiteFideId "447015020"]
[BlackFideId "13770268"]
[EventDate "2024.08.02"]

1. e4 c6 2. d4 d5 3. e5 c5 4. c3 Nc6 5. Nf3 Bg4 6. Be2 e6 7. Be3 cxd4 8. cxd4
Nge7 9. h3 Bxf3 10. Bxf3 Nf5 11. O-O Qb6 12. Qa4 Qxb2 13. Nd2 Nxe3 14. Rfb1 Qxd2
15. Rxb7 Qc2 16. Qb5 Qc4 17. fxe3 Qxb5 18. Rxb5 Be7 19. Rc1 Rc8 20. e4 O-O 21.
Rb7 Bg5 22. Rc5 Be3+ 23. Kf1 Bxd4 24. Rc2 Nxe5 25. Rxc8 Rxc8 26. exd5 Nxf3 27.
gxf3 exd5 28. Rd7 g6 29. Rxd5 Bb6 30. Rd2 Rc1+ 31. Kg2 h5 32. Re2 Kg7 33. f4
Rg1+ 34. Kf3 Rf1+ 35. Kg3 Bc7 36. Re7 Bb6 37. Re2 h4+ 38. Kxh4 Rxf4+ 39. Kg3 Ra4
40. Rc2 f5 41. Kf3 Ra3+ 42. Kg2 f4 43. Rd2 f3+ 44. Kf1 f2 45. Kg2 Rxh3 0-1

[Event "FIDE World Rapid Team"]
[Site "Almaty KAZ"]
[Date "2024.08.04"]
[Round "11.43"]
[White "Tulegenov, Amir"]
[Black "Shonazarov, Orash"]
[Result "0-1"]
[BlackTitle "FM"]
[WhiteElo "1858"]
[BlackElo "2277"]
[WhiteTeam "Baiterekchess"]
[BlackTeam "Chess Empire"]
[WhiteFideId "13742167"]
[BlackFideId "13737910"]
[EventDate "2024.08.02"]

1. e4 c5 2. Nf3 d6 3. Bb5+ Nd7 4. a4 Nf6 5. Nc3 a6 6. Be2 b6 7. d4 cxd4 8. Qxd4
e6 9. O-O Bb7 10. Nd2 d5 11. exd5 Bc5 12. Qf4 O-O 13. Nb3 exd5 14. Nxc5 bxc5 15.
Bf3 Re8 16. b3 Ne5 17. Bb2 Qd7 18. Nd1 Nxf3+ 19. Qxf3 d4 20. Qd3 Nd5 21. f3 a5
22. Qd2 Ba6 23. Re1 Rxe1+ 24. Qxe1 Nb4 25. Qd2 Qf5 26. c4 Rb8 27. Nf2 Qc2 28.
Ne4 f5 29. Qxc2 Nxc2 30. Nxc5 Nxa1 31. Bxa1 Bxc4 32. Bxd4 Bxb3 33. Kf2 Bc2 34.
Bc3 Rc8 35. Bd4 Kf7 36. Ke3 g6 37. Kd2 Bxa4 38. Nb7 Rc2+ 39. Ke3 Rxg2 40. Nxa5
Rxh2 41. Nb7 g5 42. Nc5 Bc6 43. f4 Rh3+ 44. Ke2 gxf4 45. Kf2 Rh2+ 46. Kg1 Rg2+
47. Kf1 f3 48. Bf2 h5 49. Nb3 Rg8 50. Nd4 Be4 51. Bh4 Ra8 52. Kf2 Ra2+ 53. Ke3
Kg6 54. Bf2 Ba8 55. Bh4 f4+ 56. Kxf4 f2 57. Bxf2 Rxf2+ 58. Kg3 Ra2 59. Ne6 Ra3+
60. Kh4 Ra4+ 61. Kh3 Bf3 62. Kg3 Bg4 63. Nf4+ Kg5 64. Ng2 Ra3+ 65. Kf2 h4 0-1

[Event "FIDE World Rapid Team"]
[Site "Almaty KAZ"]
[Date "2024.08.04"]
[Round "11.44"]
[White "Karmenov, Berik"]
[Black "Primbetov, Nurassyl"]
[Result "1-0"]
[WhiteElo "2046"]
[BlackElo "1784"]
[WhiteTeam "Chess Empire"]
[BlackTeam "Baiterekchess"]
[WhiteFideId "4194063"]
[BlackFideId "447010193"]
[EventDate "2024.08.02"]

1. e4 c5 2. Nf3 e6 3. d4 cxd4 4. Nxd4 Nf6 5. Bd3 Nc6 6. Nxc6 bxc6 7. c4 d5 8.
cxd5 cxd5 9. exd5 Qxd5 10. Be2 Bb4+ 11. Nc3 Qxd1+ 12. Bxd1 Nd5 13. Bd2 O-O 14.
Bf3 Bb7 15. Nxd5 Bxd2+ 16. Kxd2 exd5 17. Rac1 Rfc8 18. Kd3 Kf8 19. Kd4 g6 20.
Rhe1 Kg7 21. Rxc8 Rxc8 22. Re7 Rc4+ 23. Ke5 Rb4 24. b3 a5 25. Rd7 Bc8 26. Ra7
Rb5 27. Be2 Rc5 28. Bd3 Rc1 29. Rxa5 Be6 30. b4 Rd1 31. Ra3 Rd2 32. b5 Rxf2 33.
b6 Bc8 34. Kd6 Be6 35. b7 Rb2 36. Rb3 Rxb3 37. axb3 d4 38. b8=Q h5 39. Ke7 h4
40. Qf8+ Kh7 41. Kf6 Bxb3 42. Qg7# 1-0

[Event "FIDE World Rapid Team"]
[Site "Almaty KAZ"]
[Date "2024.08.04"]
[Round "11.45"]
[White "Omarbek, Adlet"]
[Black "Ermekbaev, Iliyas"]
[Result "1/2-1/2"]
[WhiteElo "1713"]
[BlackElo "1621"]
[WhiteTeam "Baiterekchess"]
[BlackTeam "Chess Empire"]
[WhiteFideId "13779842"]
[BlackFideId "13784420"]
[EventDate "2024.08.02"]

1. e4 c5 2. Nf3 d6 3. Bb5+ Nc6 4. O-O Bd7 5. Re1 a6 6. Bxc6 Bxc6 7. d4 cxd4 8.
Nxd4 Nf6 9. Nxc6 bxc6 10. c4 e5 11. Nc3 Be7 12. Qd3 O-O 13. Bg5 Nh5 14. Bxe7
Qxe7 15. Rad1 Rad8 16. Ne2 Kh8 17. Qf3 g6 18. Rd2 Ng7 19. Red1 f5 20. exf5 e4
21. f6 Rxf6 22. Qc3 Rdf8 23. Ng3 Kg8 24. Qe3 d5 25. cxd5 cxd5 26. Qb3 Kh8 27.
Qxd5 e3 28. fxe3 Qxe3+ 29. Kh1 Nh5 30. Qd4 Nxg3+ 31. hxg3 Qxg3 32. Rf1 Qg5 33.
Rdf2 Kg7 34. Rxf6 Rxf6 35. Qxf6+ Qxf6 36. Rxf6 Kxf6 37. Kh2 Ke5 38. Kg3 h6 39.
Kf3 a5 40. Ke3 h5 41. b3 g5 42. a3 Kd5 43. Kd3 h4 44. Ke3 Ke5 45. Kf3 Kf5 46. b4
axb4 47. axb4 g4+ 48. Kf2 Ke5 49. Ke3 h3 50. gxh3 gxh3 51. Kf3 Kd4 52. Kg3 Kc4
53. Kxh3 Kxb4 1/2-1/2

[Event "FIDE World Rapid Team"]
[Site "Almaty KAZ"]
[Date "2024.08.04"]
[Round "11.46"]
[White "Sartbayev, Askar"]
[Black "Shakhman, Asanali"]
[Result "1-0"]
[WhiteElo "1702"]
[BlackElo "1537"]
[WhiteTeam "Chess Empire"]
[BlackTeam "Baiterekchess"]
[WhiteFideId "13751190"]
[BlackFideId "447018860"]
[EventDate "2024.08.02"]

1. d4 d5 2. c4 e6 3. Nf3 Nf6 4. g3 Bb4+ 5. Bd2 Be7 6. Bg2 O-O 7. Bc3 c6 8. Nbd2
Nbd7 9. Qc2 b6 10. O-O Bb7 11. Rfd1 Rc8 12. e4 dxe4 13. Nxe4 Nxe4 14. Qxe4 Qc7
15. Qc2 Bf6 16. Ne5 Nxe5 17. dxe5 Be7 18. Be4 g6 19. h4 c5 20. h5 Bxe4 21. Qxe4
Rfd8 22. hxg6 hxg6 23. Kg2 Rxd1 24. Rxd1 Kg7 25. f4 Rd8 26. Qf3 Rxd1 27. Qxd1
Qd8 28. Qf3 Qd7 29. b3 Kg8 30. g4 Kh7 31. f5 Bh4 32. Qh3 g5 33. Be1 exf5 34.
gxf5 Kg7 35. f6+ 1-0

[Event "FIDE World Rapid Team"]
[Site "Almaty KAZ"]
[Date "2024.08.04"]
[Round "11.47"]
[White "Ishmukhametova, Gulnur"]
[Black "Adilbekuly, Altair"]
[Result "0-1"]
[WhiteElo "1538"]
[BlackElo "1694"]
[WhiteTeam "Baiterekchess"]
[BlackTeam "Chess Empire"]
[WhiteFideId "13773070"]
[BlackFideId "13763130"]
[EventDate "2024.08.02"]

1. e4 c5 2. c4 Nc6 3. Nf3 d6 4. d3 e6 5. a3 Be7 6. Nc3 Nf6 7. h3 O-O 8. Be2 a6
9. Bd2 Rb8 10. Bf4 Nd7 11. O-O b5 12. b3 Nd4 13. Bg3 Bf6 14. Rc1 Qa5 15. Bxd6
Nxf3+ 16. Bxf3 Bxc3 17. Bxf8 Kxf8 18. Bg4 Bd4 19. Qf3 Qxa3 20. Rb1 Kg8 21. Qf4
Be5 22. Qd2 Bb7 23. g3 Rd8 24. f3 Nf6 25. Kg2 b4 26. Qc2 h5 27. f4 Bc3 28. Bf3
Qa5 29. e5 Bxf3+ 30. Rxf3 Nd7 31. Rbf1 Qc7 32. g4 h4 33. Qf2 Nb8 34. Qxh4 Nc6
35. g5 Nd4 36. Re3 Nf5 37. Qe1 Bxe1 38. Rexe1 Rxd3 39. Rf3 Nh4+ 40. Kf2 Rxf3+
41. Ke2 Qc6 42. Kd2 Rf2+ 43. Kd3 Qf3+ 44. Re3 Qd1+ 45. Ke4 Qd4# 0-1

[Event "FIDE World Rapid Team"]
[Site "Almaty KAZ"]
[Date "2024.08.04"]
[Round "11.48"]
[White "Zhumagali, Raian"]
[Black "Anvar, Sultan"]
[Result "1/2-1/2"]
[WhiteTitle "WCM"]
[WhiteElo "1632"]
[BlackElo "1529"]
[WhiteTeam "Chess Empire"]
[BlackTeam "Baiterekchess"]
[WhiteFideId "13730150"]
[BlackFideId "13783815"]
[EventDate "2024.08.02"]

1. e4 e5 2. Nf3 Nc6 3. Bb5 a6 4. Ba4 Nf6 5. O-O b5 6. Bb3 Bc5 7. d3 d6 8. h3 Ne7
9. Nbd2 Ng6 10. Kh2 O-O 11. c3 Bb6 12. a4 Rb8 13. d4 Re8 14. d5 Nf4 15. Bc2 Bd7
16. a5 Ba7 17. Nb3 h6 18. Be3 Bxe3 19. fxe3 Ng6 20. Nbd2 Nf8 21. Kh1 N8h7 22.
Nh2 Ng5 23. Qe1 Qc8 24. Qh4 b4 25. c4 Qd8 26. Nhf3 Nfh7 27. Nxg5 Nxg5 28. Nf3
Nxf3 29. Qxd8 Rexd8 30. Rxf3 b3 31. Bd3 f6 32. Rff1 Rdc8 33. Be2 Rb4 34. Rfc1 c5
35. Rc3 Rcb8 36. Bd1 Ra4 37. Rxa4 Bxa4 38. Rc1 Kf7 39. Ra1 Rb4 40. Be2 Bd7 41.
g4 g6 42. Kg2 Ra4 43. Rxa4 Bxa4 44. Kf1 1/2-1/2

[Event "FIDE World Rapid Team"]
[Site "Almaty KAZ"]
[Date "2024.08.04"]
[Round "12.1"]
[White "Niemann, Hans Moke"]
[Black "Nepomniachtchi, Ian"]
[Result "1/2-1/2"]
[WhiteTitle "GM"]
[BlackTitle "GM"]
[WhiteElo "2711"]
[BlackElo "2767"]
[WhiteTeam "GMHans.com"]
[BlackTeam "WR Chess Team"]
[WhiteFideId "2093596"]
[BlackFideId "4168119"]
[EventDate "2024.08.02"]

1. e4 e5 2. Nf3 Nf6 3. Nxe5 d6 4. Nd3 Nxe4 5. Qe2 Qe7 6. Nf4 Nf6 7. d4 Qxe2+ 8.
Bxe2 Nc6 9. c3 d5 10. f3 Nd8 11. Bd3 Bd6 12. Kf2 Ne6 13. Ne2 h5 14. h4 a5 15. a4
c6 16. b3 b6 17. Ba3 Kd7 18. Bxd6 Kxd6 19. Nd2 Ba6 20. Bxa6 Rxa6 21. Nf1 g6 22.
Ne3 Ra7 23. Rhd1 Re8 24. Rd2 Rae7 25. Nc2 Ng8 26. Re1 Ng7 27. Ng3 Rxe1 28. Nxe1
Nh6 29. Re2 Rxe2+ 30. Nxe2 Nhf5 31. g3 Ne6 32. Nc2 c5 33. Ne3 Neg7 34. Nc2 Ne6
35. Ne3 Neg7 36. Nc2 Ne6 1/2-1/2

[Event "FIDE World Rapid Team"]
[Site "Almaty KAZ"]
[Date "2024.08.04"]
[Round "12.4"]
[White "Praggnanandhaa, R"]
[Black "Jacobson, Brandon"]
[Result "0-1"]
[WhiteTitle "GM"]
[BlackTitle "GM"]
[WhiteElo "2749"]
[BlackElo "2575"]
[WhiteTeam "WR Chess Team"]
[BlackTeam "GMHans.com"]
[WhiteFideId "25059530"]
[BlackFideId "30901561"]
[EventDate "2024.08.02"]

1. e4 c5 2. Nf3 g6 3. c3 d5 4. e5 Nc6 5. Bb5 Bg7 6. d4 Bg4 7. Nbd2 e6 8. Bxc6+
bxc6 9. dxc5 Ne7 10. Qa4 Bxf3 11. Nxf3 O-O 12. O-O Qc7 13. Re1 a5 14. Bg5 h6 15.
Bf6 Rfb8 16. Re2 Qa7 17. Qa3 Qa6 18. Rae1 Bf8 19. Nd4 Qc4 20. Re3 a4 21. Rh3 Kh7
22. Rh4 Qd3 23. Nf3 Nf5 24. Rxa4 Rxa4 25. Qxa4 Rxb2 26. Qa7 Kg8 27. Rf1 Rb1 28.
Nd2 Rxf1+ 29. Nxf1 d4 30. cxd4 Nxd4 31. h4 Ne2+ 32. Kh2 Qd1 33. Ng3 Qg1+ 34. Kh3
Nf4+ 35. Kg4 Qxf2 36. h5 Nxg2 37. hxg6 Ne3+ 38. Kh5 Qf3+ 0-1

[Event "FIDE World Rapid Team"]
[Site "Almaty KAZ"]
[Date "2024.08.04"]
[Round "12.5"]
[White "Salimova, Nurgyul"]
[Black "Hou, Yifan"]
[Result "0-1"]
[WhiteTitle "IM"]
[BlackTitle "GM"]
[WhiteElo "2412"]
[BlackElo "2633"]
[WhiteTeam "GMHans.com"]
[BlackTeam "WR Chess Team"]
[WhiteFideId "2915138"]
[BlackFideId "8602980"]
[EventDate "2024.08.02"]

1. d4 e6 2. Nf3 Nf6 3. Bf4 b6 4. e3 Be7 5. h3 c5 6. Nbd2 O-O 7. c3 cxd4 8. exd4
Ba6 9. Bxb8 Bxf1 10. Kxf1 Rxb8 11. a4 d5 12. Qe2 Bd6 13. g3 Qc7 14. Kg2 Rfc8 15.
Ne1 h6 16. Nd3 a6 17. Rhc1 Re8 18. Ra2 h5 19. Ne5 Bxe5 20. dxe5 Ne4 21. Nxe4
Qxe5 22. Re1 dxe4 23. Qxe4 Qxe4+ 24. Rxe4 Red8 25. Ra3 Rbc8 26. Rb3 Rc6 27. Rbb4
Kf8 28. Re5 g6 29. g4 hxg4 30. hxg4 f6 31. Re3 Rd5 32. Rbe4 Kf7 33. Rh3 Kg7 34.
Rhe3 Kf7 35. Rh3 Kg7 36. Re1 f5 37. gxf5 gxf5 38. Reh1 Kf6 39. Rh6+ Ke7 40. Rh7+
Kd6 41. Rh8 Kc5 42. R1h4 b5 43. a5 Rd2 44. b4+ Kd5 45. Rd8+ Rd6 46. Rxd6+ Kxd6
47. Rh7 Ke5 48. Ra7 Rd6 49. Kf3 Rc6 50. Ke2 Rxc3 51. Rxa6 Rb3 52. Rb6 Rxb4 53.
a6 Rb2+ 54. Kf3 Rb3+ 55. Ke2 Rb2+ 56. Kf3 Kf6 57. a7 Ra2 58. Rxb5 Rxa7 59. Kg3
Rg7+ 60. Kf3 Rg4 61. Ra5 Rd4 62. Rb5 Rd3+ 63. Ke2 Rd4 64. f3 Ra4 65. Ke3 Ra3+
66. Kf2 Kg5 67. Rb4 e5 68. Rc4 Ra2+ 69. Kf1 Rd2 70. Ra4 Rd4 71. Ra2 Kf4 72. Kf2
Rb4 73. Rc2 Rb3 74. Rc4+ Kg5 75. Ra4 Rb2+ 76. Kf1 Rh2 77. Rb4 Rh4 78. Rb3 Kf4
79. Kg2 Rh8 80. Rb4+ Ke3 81. Rb3+ Kd4 82. Rb4+ Ke3 83. Rb3+ Kf4 84. Rb4+ Kg5 85.
Rb5 Re8 86. Kg3 Kf6 87. Rb6+ Re6 88. Rb8 Ra6 89. Rf8+ Ke6 90. Re8+ Kd5 91. Rf8
f4+ 92. Kg4 Kd4 93. Rd8+ Ke3 94. Rd5 Rg6+ 95. Kf5 Rg8 96. Ra5 Kxf3 97. Ra3+ Kg2
98. Ra2+ Kg3 99. Ke4 f3 100. Ra3 Rg4+ 101. Ke3 f2 102. Ke2+ Kg2 0-1

[Event "FIDE World Rapid Team"]
[Site "Almaty KAZ"]
[Date "2024.08.04"]
[Round "12.8"]
[White "Jumabayev, Rinat"]
[Black "Maghsoodloo, Parham"]
[Result "1-0"]
[WhiteTitle "GM"]
[BlackTitle "GM"]
[WhiteElo "2577"]
[BlackElo "2723"]
[WhiteTeam "Theme International Trading"]
[BlackTeam "Al-Ain ACMG UAE"]
[WhiteFideId "13702661"]
[BlackFideId "12539929"]
[EventDate "2024.08.02"]

1. e4 c5 2. Nf3 e6 3. d4 cxd4 4. Nxd4 a6 5. Nc3 Qc7 6. Bd3 Nf6 7. O-O Bc5 8. Nb3
Ba7 9. Qf3 Nc6 10. Bf4 d6 11. Bg5 Qe7 12. Rad1 h6 13. Be3 O-O 14. Bxa7 Rxa7 15.
a4 Ra8 16. Qg3 e5 17. Bc4 Nb4 18. Rd2 Qc7 19. Be2 Be6 20. f4 Kh7 21. Nc1 Rad8
22. Kh1 Rfe8 23. Bf3 Nc6 24. f5 Bc4 25. Rfd1 b5 26. b3 b4 27. N3a2 d5 28. exd5
Ne7 29. bxc4 Nxf5 30. Qh3 Ne3 31. Re1 Nxc4 32. Rde2 Nd6 33. Nxb4 e4 34. Bg4 Re5
35. Nc6 Rg5 36. Nxd8 Qxd8 37. Bf3 Rxd5 38. Nb3 exf3 39. Qxf3 Qc7 40. Qg3 Qc4 41.
Qf3 Nf5 42. Rd2 Qb4 43. Rf1 Nh4 44. Qe2 Rxd2 45. Qxd2 Qb7 46. Nd4 Ne4 47. Qf4
Qd5 48. Qxh4 Qxd4 49. Qf4 f6 50. a5 h5 51. c3 Qd3 52. Qf3 Qd5 53. Qf5+ Qxf5 54.
Rxf5 g5 55. Rd5 Kg6 56. c4 Kf7 57. Rd4 f5 58. Rd7+ Ke6 59. Rh7 h4 60. Rh6+ Nf6
61. c5 Ke5 62. c6 Nd5 63. Rh5 g4 64. Rxh4 Kd6 65. Rh6+ Kc7 66. h4 gxh3 67. gxh3
Nb4 68. h4 Nxc6 69. Rxc6+ Kxc6 70. h5 1-0

[Event "FIDE World Rapid Team"]
[Site "Almaty KAZ"]
[Date "2024.08.04"]
[Round "12.9"]
[White "Artemiev, Vladislav"]
[Black "Siddharth, Jagadeesh"]
[Result "1/2-1/2"]
[WhiteTitle "GM"]
[BlackTitle "IM"]
[WhiteElo "2699"]
[BlackElo "2516"]
[WhiteTeam "Al-Ain ACMG UAE"]
[BlackTeam "Theme International Trading"]
[WhiteFideId "24101605"]
[BlackFideId "5818320"]
[EventDate "2024.08.02"]

1. c4 g6 2. Nc3 c5 3. g3 Nc6 4. Bg2 Bg7 5. d3 e6 6. Bf4 d6 7. Qd2 h6 8. e4 Nge7
9. Nge2 b6 10. Be3 Bb7 11. d4 cxd4 12. Nxd4 Ne5 13. Qe2 Rc8 14. b3 O-O 15. O-O
a6 16. Rac1 Qc7 17. f4 N5c6 18. Nxc6 Bxc6 19. Rfd1 Qb8 20. a4 Rfe8 21. Bf2 Kh7
22. h3 Red8 23. Kh2 Be8 24. Rc2 Nc6 25. Qe3 Nb4 26. Rcc1 b5 27. axb5 axb5 28.
Nxb5 Bxb5 29. cxb5 Rxc1 30. Rxc1 Qxb5 31. Rc7 Rd7 32. Qb6 Qxb6 33. Bxb6 Rxc7 34.
Bxc7 d5 35. exd5 exd5 36. Kg1 Bc3 37. Kf2 d4 38. Be4 f5 39. Bb1 Kg7 40. g4 fxg4
41. hxg4 h5 42. Be5+ Kf7 43. f5 gxf5 44. gxh5 Nc6 45. Bg3 Ne7 46. Kf3 Bd2 47.
Bd3 Kg7 48. Bh4 Nc6 49. Bxf5 Kh6 50. Ke2 Kxh5 51. Kxd2 Kxh4 52. Kd3 Kg5 53. Be4
Nb4+ 54. Kxd4 Kf6 55. Kc4 Na2 56. Bb1 Nc1 57. b4 Ke5 58. Bg6 Ne2 59. Kc5 Nc3 60.
Bc2 Ke6 61. Bd3 Ke5 62. Bb5 Ne4+ 63. Kc6 Kd4 64. Ba6 Nc3 65. Bf1 Ke5 66. Bh3 Kd4
67. Be6 Ke5 68. Bc4 Kd4 69. Bb3 Ke5 70. Kc5 Ne4+ 71. Kb6 Nc3 72. Kc6 Kd4 73. Bg8
Ke5 74. Bf7 Kd4 75. Kb7 Ke5 76. Kc7 Kd4 77. Kd6 Ne4+ 78. Kc6 Nc3 79. Bb3 Ke5 80.
b5 Nxb5 81. Kxb5 1/2-1/2

[Event "FIDE World Rapid Team"]
[Site "Almaty KAZ"]
[Date "2024.08.04"]
[Round "12.10"]
[White "Wong, Zhenyong Jayden"]
[Black "Andreikin, Dmitry"]
[Result "0-1"]
[WhiteTitle "FM"]
[BlackTitle "GM"]
[WhiteElo "2397"]
[BlackElo "2729"]
[WhiteTeam "Theme International Trading"]
[BlackTeam "Al-Ain ACMG UAE"]
[WhiteFideId "5821975"]
[BlackFideId "4158814"]
[EventDate "2024.08.02"]

1. d4 Nf6 2. c4 d6 3. Nf3 Nbd7 4. Nc3 e5 5. g3 Be7 6. Bg2 O-O 7. O-O c6 8. Qc2
Qc7 9. Rd1 Re8 10. h3 a6 11. b3 Bf8 12. Bb2 e4 13. Ne1 d5 14. Rac1 Qd8 15. e3
Bd6 16. a3 Nf8 17. cxd5 cxd5 18. b4 h5 19. Qb3 Be6 20. Ne2 Qd7 21. Kh2 h4 22.
Nf4 hxg3+ 23. fxg3 g5 24. Ne2 Ng6 25. Qc2 Kg7 0-1

[Event "FIDE World Rapid Team"]
[Site "Almaty KAZ"]
[Date "2024.08.04"]
[Round "12.11"]
[White "Lagno, Kateryna"]
[Black "Gong, Qianyun"]
[Result "1/2-1/2"]
[WhiteTitle "GM"]
[BlackTitle "WGM"]
[WhiteElo "2532"]
[BlackElo "2250"]
[WhiteTeam "Al-Ain ACMG UAE"]
[BlackTeam "Theme International Trading"]
[WhiteFideId "14109336"]
[BlackFideId "8602425"]
[EventDate "2024.08.02"]

1. e4 e6 2. d4 d5 3. e5 c5 4. c3 Nc6 5. Nf3 Bd7 6. Be2 Nge7 7. O-O Ng6 8. Be3
cxd4 9. cxd4 Be7 10. Nc3 O-O 11. Re1 f6 12. exf6 Bxf6 13. Qd2 Nce7 14. Bd3 a6
15. Rac1 Rc8 16. Bg5 h6 17. Bxf6 Rxf6 18. Ne2 Rxc1 19. Rxc1 Qf8 20. Ng3 Nf4 21.
Ne5 Be8 22. Bb1 Nc6 23. a3 g5 24. f3 Qg7 25. Re1 Nxe5 26. dxe5 Rf8 27. Ne2 Bg6
28. Nxf4 Rxf4 29. Bxg6 Qxg6 30. Qe3 Rf7 31. Rc1 Kg7 32. h3 Qf5 33. Re1 Rc7 34.
Qb6 Qf7 35. Qf2 Rc6 36. h4 Qf5 37. hxg5 hxg5 38. Qa7 Qf7 39. Qe3 Qf5 40. Qa7 Qf7 1/2-1/2

[Event "FIDE World Rapid Team"]
[Site "Almaty KAZ"]
[Date "2024.08.04"]
[Round "12.12"]
[White "Zhang, Changjie"]
[Black "Galymzhanuly, Ibragim"]
[Result "1/2-1/2"]
[WhiteElo "1809"]
[BlackElo "1929"]
[WhiteTeam "Theme International Trading"]
[BlackTeam "Al-Ain ACMG UAE"]
[WhiteFideId "5801877"]
[BlackFideId "13727915"]
[EventDate "2024.08.02"]

1. e4 d5 2. Nc3 d4 3. Nce2 e5 4. d3 Be6 5. f4 f6 6. Nf3 Bd6 7. g3 Ne7 8. Bg2 O-O
9. f5 Bf7 10. g4 Kh8 11. g5 c5 12. gxf6 gxf6 13. Bh6 Rg8 14. Ng3 Nbc6 15. Qe2
Rc8 16. Kf2 c4 17. a3 Na5 18. Nh4 Qe8 19. Bf3 Qb5 20. Rab1 cxd3 21. cxd3 Bb3 22.
Rhc1 Ba2 23. Nh5 Bxb1 24. Rxb1 Qb3 25. Nxf6 Rc2 26. Bd2 Rgc8 27. Kg1 Qa2 28. Rd1
Nb3 29. Qg2 Nxd2 30. Ng6+ hxg6 31. fxg6 Nxg6 32. Qh3+ Kg7 33. Nh5+ Kh8 34. Nf6+
Kg7 35. Nh5+ Kh8 36. Nf6+ Kg7 37. Nh5+ 1/2-1/2

[Event "FIDE World Rapid Team"]
[Site "Almaty KAZ"]
[Date "2024.08.04"]
[Round "12.13"]
[White "Ding, Liren"]
[Black "Teclaf, Pawel"]
[Result "1-0"]
[WhiteTitle "GM"]
[BlackTitle "GM"]
[WhiteElo "2745"]
[BlackElo "2553"]
[WhiteTeam "Decade China Team"]
[BlackTeam "Q4Rail Kingsofchess Krakow"]
[WhiteFideId "8603677"]
[BlackFideId "1185934"]
[EventDate "2024.08.02"]

1. e4 e5 2. Nf3 Nf6 3. Nxe5 d6 4. Nf3 Nxe4 5. d3 Nf6 6. d4 d5 7. Bd3 Bd6 8. Qe2+
Qe7 9. Qxe7+ Kxe7 10. O-O Re8 11. Re1+ Kf8 12. Rxe8+ Kxe8 13. Nc3 c6 14. Bd2
Nbd7 15. Re1+ Kf8 16. Ne5 Bc7 17. Bf4 Nxe5 18. Bxe5 Bxe5 19. Rxe5 Be6 20. f3 Re8
21. Kf2 Bc8 22. g4 h6 23. h4 Nd7 24. Rxe8+ Kxe8 25. Nd1 Nf8 26. Ne3 Ne6 27. Nf5
Bd7 28. c3 Kf8 29. Ke3 Nd8 30. Ng3 Ke7 31. Bf5 Ne6 32. Bxe6 Bxe6 33. Kf4 Kf6 34.
Nh5+ 1-0

[Event "FIDE World Rapid Team"]
[Site "Almaty KAZ"]
[Date "2024.08.04"]
[Round "12.15"]
[White "Yu, Yangyi"]
[Black "Bernadskiy, Vitaliy"]
[Result "1-0"]
[WhiteTitle "GM"]
[BlackTitle "GM"]
[WhiteElo "2703"]
[BlackElo "2530"]
[WhiteTeam "Decade China Team"]
[BlackTeam "Q4Rail Kingsofchess Krakow"]
[WhiteFideId "8603820"]
[BlackFideId "14100371"]
[EventDate "2024.08.02"]

1. e4 e5 2. Nf3 Nc6 3. Bb5 a6 4. Ba4 Nf6 5. d3 d6 6. c3 Be7 7. O-O O-O 8. Re1
Nd7 9. Be3 Nb6 10. Bb3 Bg4 11. Nbd2 Kh8 12. h3 Bh5 13. Nf1 Bg6 14. Ng3 Qd7 15.
a4 Rae8 16. a5 Nc8 17. d4 exd4 18. cxd4 N6a7 19. h4 Qg4 20. Qc1 Bxh4 21. Nxh4
Qxh4 22. Qxc7 Bxe4 23. d5 Re7 24. Qc1 Qg4 25. Ra4 f5 26. Bd1 Qg6 27. Bh5 Qf6 28.
Bg5 1-0

[Event "FIDE World Rapid Team"]
[Site "Almaty KAZ"]
[Date "2024.08.04"]
[Round "12.16"]
[White "Gumularz, Szymon"]
[Black "Xu, Xiangyu"]
[Result "0-1"]
[WhiteTitle "GM"]
[BlackTitle "GM"]
[WhiteElo "2571"]
[BlackElo "2628"]
[WhiteTeam "Q4Rail Kingsofchess Krakow"]
[BlackTeam "Decade China Team"]
[WhiteFideId "1188062"]
[BlackFideId "8608288"]
[EventDate "2024.08.02"]

1. e4 c5 2. Nf3 Nc6 3. Bb5 Nf6 4. Nc3 Qc7 5. d3 e6 6. Bg5 Nd4 7. Bxf6 gxf6 8. a4
b6 9. O-O Bb7 10. Nxd4 cxd4 11. Ne2 O-O-O 12. a5 d5 13. c3 dxe4 14. cxd4 Kb8 15.
a6 Ba8 16. Rc1 Qd6 17. dxe4 Bxe4 18. Ng3 Ba8 19. Qh5 Qd5 20. Qxd5 Rxd5 21. Bc6
Bxc6 22. Rxc6 Rxd4 23. Ne2 Rd2 24. Nc3 f5 25. Na4 Rd4 26. b3 Bb4 27. Rfc1 Rhd8
28. g3 Rd1+ 29. Rxd1 Rxd1+ 30. Kg2 b5 31. Nc5 Rd5 32. Nb7 Rd3 33. Rc2 Rc3 34.
Rxc3 Bxc3 35. Nd6 b4 36. Nb5 Bf6 37. Kf3 Be7 38. Ke2 Bc5 39. f3 Kc8 40. Kd3 Kd7
41. Nd4 Bxd4 42. Kxd4 Kd6 43. Kc4 Kc6 44. Kxb4 Kb6 45. f4 f6 46. Kc4 h5 47. b4
Kxa6 48. Kc5 e5 0-1

[Event "FIDE World Rapid Team"]
[Site "Almaty KAZ"]
[Date "2024.08.04"]
[Round "12.17"]
[White "Ju, Wenjun"]
[Black "Kulon, Klaudia"]
[Result "1-0"]
[WhiteTitle "GM"]
[BlackTitle "IM"]
[WhiteElo "2563"]
[BlackElo "2415"]
[WhiteTeam "Decade China Team"]
[BlackTeam "Q4Rail Kingsofchess Krakow"]
[WhiteFideId "8603006"]
[BlackFideId "1131044"]
[EventDate "2024.08.02"]

1. d4 Nf6 2. c4 g6 3. g3 Bg7 4. Bg2 O-O 5. Nc3 d6 6. Nf3 Nc6 7. O-O e5 8. dxe5
dxe5 9. Bg5 Be6 10. Nd2 h6 11. Bxf6 Bxf6 12. Nde4 Be7 13. Nd5 f5 14. Nec3 Qc8
15. Nxe7+ Nxe7 16. Nd5 Bxd5 17. cxd5 Qd7 18. Qb3 Qd6 19. Rac1 b6 20. Rxc7 e4 21.
Rfc1 Rfc8 22. f3 Rxc7 23. Rxc7 exf3 24. Bxf3 Re8 25. Rxa7 f4 26. gxf4 Nf5 27.
Qc4 g5 28. fxg5 hxg5 29. Qc6 Rd8 30. Qxd6 Rxd6 31. Kf2 Nd4 32. Be4 Nb5 33. Re7
Kf8 34. Re6 Rxe6 35. dxe6 Ke7 36. Bd5 1-0